| 000 | 00802cam a2200217 i 4500 | ||
|---|---|---|---|
| 005 | 20160217125409.0 | ||
| 008 | 990716t00001998-usac 0 eng d | ||
| 015 | _aNNN | ||
| 020 | _a3540641440 | ||
| 040 |
_aCO-BoPUJ _cCO-BoIAVH _dCO-BoIAVH |
||
| 041 | 0 | _aeng | |
| 082 | 0 | 4 |
_a634.9285 _bC74t |
| 100 | 1 |
_aCondit, Richard _d1956- |
|
| 245 | 1 | 0 |
_aTropical forest census plots : _bmethods and results from Barro Colorado Island, Panama and a comparison with other plots / _cRichard Condit. |
| 260 |
_aNew York : _bSpringer, _c1998. |
||
| 300 |
_a211 páginas ; _c25 cm. |
||
| 504 | _aIncluye referencias bibliográficas. | ||
| 650 | 1 | 4 |
_aReconocimiento de bosques _xIsla barro colorado (Panama) |
| 650 | 2 | 4 |
_aReconocimiento de bosques _vProgramas para computador |
| 942 |
_2ddc _cLIBRO |
||
| 999 |
_c848 _d848 |
||